01423nab a22002417a 4500999001500000003000400015005001700019008004100036040000700077100003000084245013300114300001500247505053300262505007200795650002800867650001800895650003200913650003200945650004400977650004301021773010401064942001301168 c5788d5788OSt20260106182044.0190514b xxu||||| |||| 00| 0 spa d cPJ 93614aRotonda, Adriana E.13aLa violencia de género económica en la liquidación de la comunidad ganancial y el acceso a la justicia /cAdriana Rotonda. ap. 157-177 aSumario: I. Introducción.— II. El acceso a la justicia en los procesos de liquidación de la comunidad.— III. La violencia económica de género en la comunidad de gananciales.— IV. Las normas sobre la violencia de género y el acceso a la justicia.— V. Las normas locales: el principio de gratuidad y su alcance.— VI. La tasa de justicia en las actuaciones judiciales.— VII. El acceso al proceso sin gastos.— VIII. Otra vía posible para la nivelación procesal económica.— IX. A modo de conclusiones. tSi te interesa el texto, comunicate a koha@justierradelfuego.gov.ar 09967aDERECHO DE FAMILIA 0aDIVORCIO9977 0aVIOLENCIA DE GÉNERO93053 0aVIOLENCIA ECONÓMICA95360 0aREGIMEN PATRIMONIAL DEL MATRIMONIO9723 0aRÉGIMEN DE COMUNIDAD DE BIENES953280 0284493222dBuenos Aires : AbeledoPerrot, 1989-tDerecho de familia. N° 115 - Julio 2024z18511201 2udccANA